000 00521nam a2200193Ia 4500
005 20250508161603.0
008 008 250505s9999 xx 000 0 eng d
037 _aTextual
040 _aFEDL
_beng
_cFEDL
041 _aeng
_2eng
084 _a513.5, SHA
_qFEDL
100 _aNarayan Shanti
245 0 _aAnalytical solid geometry
250 _a15th
260 _aNew Delhi, India
_bS. Chand and Company Limited
_c1973
300 _a310p.
942 _cTEXL
_h513.5, SHA
999 _c1370943
_d1370943